[Event "Mechanics' Fall TNM: Championship"]
[Site "San Francisco"]
[Date "2019.11.26"]
[Round "6.1"]
[White "Wong, NM Russell"]
[Black "Gaffagan, Steven"]
[Result "0-1"]
[WhiteElo "2200"]
[BlackElo "2040"]
[PlyCount "86"]

1. e4 c5 2. Nf3 e6 3. b3 b6 4. Bb2 Bb7 5. Bd3 Nc6 6. Nc3 d6 7. O-O Nf6 8. Bb5
a6 9. Bxc6+ Bxc6 10. Re1 Be7 11. d4 cxd4 12. Qxd4 e5 13. Qd3 O-O 14. Rad1 Qc7
15. Nd5 Nxd5 16. exd5 Bb7 17. c4 Rad8 18. Bc1 h6 19. Qf5 Bc8 20. Qh5 Kh7 21. g4
f5 22. Ng5+ Bxg5 23. Bxg5 Rde8 24. gxf5 Bxf5 25. Bh4 Qd7 26. Qe2 Bg4 27. Qd3+
Kh8 28. Rd2 Bf3 29. Bg3 Qh3 30. Qf1 Qg4 31. Re3 Rf5 32. h3 Qg6 33. Kh2 Ref8 34.
Rdd3 a5 35. a3 Qf7 36. Rc3 g5 37. b4 axb4 38. axb4 h5 39. h4 Rf4 40. hxg5 Kg7
41. Bxf4 Qxf4+ 42. Kg1 Qg4+ 43. Kh2 Qh4+ 0-1

[Event "Mechanics' Fall TNM: Championship"]
[Site "San Francisco"]
[Date "2019.11.26"]
[Round "6.2"]
[White "Li, Eric"]
[Black "Pane, Gianluca"]
[Result "1-0"]
[WhiteElo "2303"]
[BlackElo "1887"]
[PlyCount "61"]

1. d4 d5 2. c4 c6 3. Nf3 Nf6 4. Nc3 dxc4 5. a4 Bf5 6. e3 e6 7. Bxc4 Bb4 8. O-O
Nbd7 9. Qb3 a5 10. Na2 Qe7 11. Nxb4 Qxb4 12. Qxb4 axb4 13. Bd2 Nb6 14. Bb3 Nbd5
15. Rfc1 O-O 16. Ne5 Rfd8 17. f3 Bg6 18. Rc4 b5 19. Rxc6 bxa4 20. Rxa4 Rac8 21.
Rxc8 Rxc8 22. Nxg6 hxg6 23. e4 Ne7 24. Rxb4 Nc6 25. Rc4 Rb8 26. Rxc6 Rxb3 27.
Bc3 Kf8 28. Rc7 Ke8 29. Kf2 Nd7 30. Ke2 Rb8 31. Ra7 1-0

[Event "Mechanics' Fall TNM: Championship"]
[Site "San Francisco"]
[Date "2019.11.26"]
[Round "6.3"]
[White "Tsodikova, Natalya"]
[Black "Walder, Michael"]
[Result "1-0"]
[WhiteElo "2196"]
[BlackElo "2101"]
[PlyCount "121"]

1. e4 c5 2. Nf3 g6 3. d4 cxd4 4. Qxd4 Nf6 5. Nc3 Nc6 6. Qa4 Bg7 7. e5 Ng8 8.
Bf4 f6 9. exf6 Nxf6 10. O-O-O d6 11. Bb5 Bd7 12. Rhe1 O-O 13. Qb3+ Kh8 14. Ng5
e5 15. Nf7+ Rxf7 16. Qxf7 Be8 17. Qe6 exf4 18. Rxd6 Qc8 19. Qe2 Qc7 20. Qd2 g5
21. Ree6 Qf7 22. Nd5 Nxd5 23. Qxd5 Qg8 24. Bxc6 Bxc6 25. Qd3 Rf8 26. f3 Bd7 27.
Re7 Bc6 28. b3 a5 29. a4 Be8 30. Rxb7 Bg6 31. Qb5 Rc8 32. c4 Bc3 33. Qxg5 Qf8
34. Rbd7 Qf5 35. Qxf5 Bxf5 36. Rd8+ Rxd8 37. Rxd8+ Kg7 38. c5 Kf7 39. c6 Be5
40. Ra8 Ke7 41. Rxa5 Kd6 42. b4 Bc8 43. Ra8 Bf5 44. b5 Kc5 45. Re8 Bd6 46. Rd8
Bc7 47. Rf8 Bg6 48. Rc8 Kd6 49. Rxc7 Kxc7 50. Kd2 Kb6 51. Kc3 Bf5 52. g4 fxg3
53. hxg3 h5 54. f4 Be6 55. Kb4 Bg4 56. a5+ Kc7 57. Kc5 Bf3 58. b6+ Kc8 59. a6
Kb8 60. c7+ Kc8 61. Kd6 1-0

[Event "Mechanics' Fall TNM: Extra Rated"]
[Site "San Francisco"]
[Date "2019.11.26"]
[Round "6.4"]
[White "Clemens, Kristian"]
[Black "Estolas, Brendyn"]
[Result "0-1"]
[WhiteElo "1927"]
[BlackElo "2006"]
[PlyCount "116"]

1. d4 Nf6 2. c4 e6 3. Nf3 d5 4. Nc3 Be7 5. Bg5 c6 6. e3 Nbd7 7. Rc1 h6 8. Bh4
b6 9. cxd5 exd5 10. Bd3 Bb7 11. O-O O-O 12. Qe2 Re8 13. Rfe1 c5 14. dxc5 bxc5
15. Ba6 Qb6 16. Bxb7 Qxb7 17. Qb5 Qxb5 18. Nxb5 Rab8 19. Nxa7 Rb6 20. a4 Ra8
21. Nb5 Rxa4 22. Nc3 Ra5 23. Red1 c4 24. e4 dxe4 25. Nd2 Ne5 26. Ncxe4 g5 27.
Nxf6+ Rxf6 28. Bg3 Nd3 29. Nxc4 Nxc1 30. Nxa5 Ne2+ 31. Kf1 Nxg3+ 32. hxg3 Bc5
33. f3 g4 34. Ke2 Re6+ 35. Kf1 Rf6 36. Rd3 Rb6 37. Rd5 Bb4 38. Nc4 Re6 39. Re5
Rc6 40. Re4 gxf3 41. gxf3 Ra6 42. Kg2 Ra1 43. g4 Bc5 44. Kg3 Kg7 45. Kf4 Kf6
46. Re5 Ba7 47. Rf5+ Ke6 48. Ke4 Rd1 49. b3 Rd4+ 50. Ke3 Rxg4+ 51. Kd3 Rd4+ 52.
Kc3 Kxf5 53. Na5 Rf4 54. Nc6 Rxf3+ 55. Kc4 Bf2 56. b4 Rf4+ 57. Kd5 h5 58. b5 h4
0-1

[Event "Mechanics' Fall TNM: Championship"]
[Site "San Francisco"]
[Date "2019.11.26"]
[Round "6.5"]
[White "Snyder, NM Larry"]
[Black "Jensen, Christian"]
[Result "1-0"]
[WhiteElo "2061"]
[BlackElo "1867"]
[PlyCount "37"]

1. e4 c5 2. c3 d6 3. d4 Nf6 4. dxc5 Nc6 5. cxd6 Nxe4 6. dxe7 Qxe7 $2 (6...
Qxd1+ 7. Kxd1 Nxf2+ 8. Ke1 Nxh1 9. exf8=Q+ Rxf8 $17 {(Ftacnik in his landmark
Grandmaster Repertoire on the Sicilian)}) 7. Be2 Bg4 8. Be3 Rd8 9. Qc1 Bxe2 10.
Nxe2 g6 11. O-O Bg7 12. Re1 O-O 13. Nd2 Nd6 14. Nf3 Nf5 15. Bg5 f6 16. Ned4 Qf7
17. Nxf5 fxg5 18. Nxg7 Kxg7 19. Qxg5 1-0

[Event "Mechanics' Fall TNM: Championship"]
[Site "San Francisco"]
[Date "2019.11.26"]
[Round "6.6"]
[White "Boldi, Ethan"]
[Black "Hakobyan, Sos"]
[Result "1/2-1/2"]
[WhiteElo "2055"]
[BlackElo "1809"]
[PlyCount "220"]

1. Nf3 e6 2. c4 Nf6 3. d4 c5 4. d5 d6 5. Nc3 g6 6. g3 Bg7 7. Bg2 O-O 8. O-O a6
9. a4 Re8 10. dxe6 Bxe6 11. b3 d5 12. Nd2 Ne4 13. Ndxe4 dxe4 14. Qc2 Bf5 15.
Be3 Qa5 16. Rac1 Qxc3 17. Qxc3 Bxc3 18. Rxc3 Nd7 19. Rd1 b6 20. Rd6 b5 21. axb5
axb5 22. cxb5 Ra1+ 23. Rc1 Rxc1+ 24. Bxc1 Rb8 25. g4 Bxg4 26. Bxe4 Rxb5 27. Rd3
Rb8 28. Bf4 Rb4 29. f3 Be6 30. Bc6 Rxf4 31. Bxd7 Rb4 32. Bxe6 fxe6 33. Rc3 Rb5
34. Kf2 Kf7 35. Ke3 Kf6 36. Kd3 Ke5 37. Kc4 Ra5 38. Rd3 g5 39. Rd7 h5 40. Rc7
Kd6 41. Rg7 Ra2 42. Rxg5 Rxe2 43. Rxh5 Rf2 44. Rh3 Kc6 45. Rh6 Kd6 46. Rh3 Kc6
47. Kd3 Rb2 48. Kc3 Rf2 49. Kc4 Rc2+ 50. Kd3 Rb2 51. Kc3 Rf2 52. b4 cxb4+ 53.
Kxb4 Kd5 54. Rh5+ Kd4 55. Rh3 Ke3 56. Rh6 e5 57. Re6 Kxf3 58. Rxe5 Rxh2 59. Kc3
Kf4 60. Re8 Rh7 61. Kd3 Rd7+ 62. Ke2 Ra7 63. Rf8+ Ke4 64. Kd2 Ra3 65. Re8+ Kd4
66. Kc2 Rh3 67. Re2 Ra3 68. Kb2 Ra8 69. Re7 Rb8+ 70. Kc2 Rc8+ 71. Kd2 Rd8 72.
Ke2 Ra8 73. Rh7 Re8+ 74. Kd2 Ra8 75. Rh4+ Ke5 76. Rb4 Ra3 77. Rb8 Ra2+ 78. Kc3
Ra3+ 79. Kc4 Ra1 80. Re8+ Kd6 81. Rh8 Rc1+ 82. Kb5 Rb1+ 83. Ka6 Ra1+ 84. Kb7
Rb1+ 85. Kc8 Rc1+ 86. Kd8 Re1 87. Rh5 Re5 88. Rh6+ Re6 89. Rh1 Re5 90. Ra1 Rc5
91. Ra7 Rc6 92. Rd7+ Ke6 93. Re7+ Kd6 94. Rh7 Kc5 95. Rh1 Rd6+ 96. Kc7 Rc6+ 97.
Kb7 Rb6+ 98. Ka7 Rb2 99. Rc1+ Kd6 100. Rd1+ Kc7 101. Rc1+ Kd7 102. Ka6 Kd6 103.
Ka5 Kd5 104. Ka4 Kd4 105. Ka3 Rb8 106. Rd1+ Kc3 107. Rc1+ Kd3 108. Rc7 Kd4 109.
Ka4 Kd5 110. Rd7+ Kc6 1/2-1/2

[Event "Mechanics' Fall TNM: Championship"]
[Site "San Francisco"]
[Date "2019.11.26"]
[Round "6.7"]
[White "Melville, Cailen"]
[Black "Lehman, Clarence"]
[Result "0-1"]
[WhiteElo "1871"]
[BlackElo "1900"]
[PlyCount "98"]

1. d4 d5 2. c4 e5 3. dxe5 d4 4. Nf3 Nc6 5. a3 f6 6. exf6 Qxf6 7. Bg5 Qg6 8. b4
Bg4 9. Nbd2 Be7 10. Bxe7 Ngxe7 11. h3 Bxf3 12. Nxf3 O-O-O 13. b5 Na5 14. Qa4 b6
15. g3 d3 16. exd3 Qf6 17. Qd1 Qc3+ 18. Nd2 Nf5 19. Be2 Rhe8 20. O-O Kb8 21.
Re1 Nd4 22. Rc1 Nxe2+ 23. Rxe2 Qxd3 24. Rxe8 Rxe8 25. Nf1 Qxd1 26. Rxd1 Nxc4
27. Rd7 Nxa3 28. Rxg7 Nxb5 29. Rxh7 a5 30. Rh4 Re1 31. Ra4 c5 32. h4 Nd4 33. h5
Re8 34. g4 Kb7 35. Ne3 Ka6 36. Nd5 Re5 37. Nf6 b5 38. h6 bxa4 39. h7 Nf3+ 40.
Kg2 Nh4+ 41. Kg3 Ng6 42. f4 Re3+ 43. Kf2 Rh3 44. f5 Nf8 45. Ne4 Nxh7 46. Nxc5+
Kb5 47. Ne4 a3 48. g5 a2 49. g6 a1=Q 0-1

[Event "Mechanics' Fall TNM: Championship"]
[Site "San Francisco"]
[Date "2019.11.26"]
[Round "6.8"]
[White "Winslow, Elliott"]
[Black "Thieme, Steffen"]
[Result "1-0"]
[WhiteElo "2248"]
[BlackElo "2014"]
[Annotator "Winslow,Elliott"]
[PlyCount "114"]

1. e4 e6 2. d4 d5 3. Nd2 dxe4 4. Nxe4 Nf6 5. Nxf6+ gxf6 6. Nf3 b6 7. Bb5+ Bd7
8. Bd3 Bc6 9. O-O Qd5 10. c4 Qh5 11. d5 exd5 12. Re1+ Kd8 13. Nd4 $6 (13. Bf4 {
best (sf10)}) 13... Qxd1 14. Rxd1 Bd6 (14... Bc5 $5 15. Be3 $1) 15. Nxc6+ $6
Nxc6 16. cxd5 Ne7 17. Bc2 a6 18. Be3 Kd7 19. Rac1 Rhg8 20. g3 h5 21. f4 h4 22.
Kf2 hxg3+ 23. hxg3 Rh8 24. Kg2 Rae8 25. Bf2 Reg8 26. Kf3 Rh5 27. Bb3 Rh3 28.
Rh1 Rgh8 29. Rxh3 Rxh3 30. Kg2 Rh5 31. Rh1 Rxh1 32. Kxh1 Bc5 33. Bxc5 bxc5 34.
d6 Nf5 35. dxc7 Kxc7 36. Kg2 c4 37. Ba4 Kb6 38. Kf3 Kc5 39. Bd7 Nd6 40. Ke3 a5
41. g4 Kd5 42. Ba4 Kc5 43. Bc2 Kd5 44. Bd1 Kc5 45. Bf3 Nb5 46. g5 fxg5 47. fxg5
Nd6 48. a3 c3 49. bxc3 Kc4 50. Kd2 Kb3 51. Bd5+ $2 (51. Kd3 Kxa3 52. Kd4) 51...
Kxa3 52. Kc2 a4 53. Kd3 $2 (53. Kb1 $3 Nb5 {else Bxf7} 54. c4) 53... Kb2 54. c4
a3 $4 (54... Nb7 $11) 55. c5 Nf5 56. Bxf7 a2 57. Bxa2 Kxa2 1-0

[Event "Mechanics' Fall TNM: AB"]
[Site "San Francisco"]
[Date "2019.11.26"]
[Round "6.9"]
[White "Busch, Jonah"]
[Black "Uzzaman, Ashik"]
[Result "1-0"]
[WhiteElo "1871"]
[BlackElo "1935"]
[PlyCount "105"]

1. e4 c5 2. c3 g6 3. d4 cxd4 4. cxd4 d5 5. exd5 Nf6 6. Nc3 Nxd5 7. Bc4 Nb6 8.
Bb5+ Bd7 9. Bf4 Bg7 10. Nf3 O-O 11. Bxd7 N8xd7 12. O-O Rc8 13. Re1 Re8 14. Rc1
a6 15. Qb3 Nf6 16. Ne5 e6 17. Bg5 h6 18. Be3 Re7 19. Na4 Rxc1 20. Rxc1 Nxa4 21.
Qxa4 Nd5 22. Bd2 Rc7 23. Rxc7 Nxc7 24. Ba5 b5 25. Qc2 Qxd4 26. Nf3 Qxb2 27.
Qxb2 Bxb2 28. Bxc7 Bc3 29. Bf4 g5 30. Bd2 Bxd2 31. Nxd2 Kf8 32. Kf1 Ke7 33. Ne4
f5 34. Nc5 a5 35. Ke2 a4 36. Kd2 Kd6 37. Nd3 e5 38. f3 Kd5 39. Kc3 e4 40. Nb4+
Ke5 41. Nc6+ Kf4 42. fxe4 Kxe4 43. Kd2 a3 44. Nb4 f4 45. Nc2 g4 46. Nxa3 b4 47.
Nc2 h5 48. Nxb4 h4 49. Ke2 h3 50. gxh3 g3 51. hxg3 fxg3 52. Kf1 Kf3 53. Kg1 1-0

[Event "Mechanics' Fall TNM: AB"]
[Site "San Francisco"]
[Date "2019.11.26"]
[Round "6.12"]
[White "Drane, Robert"]
[Black "Babayan, Gagik"]
[Result "0-1"]
[WhiteElo "1800"]
[BlackElo "1790"]
[PlyCount "110"]

1. e4 e5 2. Bc4 Nf6 3. d3 Nc6 4. Nc3 Bb4 5. Nge2 d5 6. exd5 Nxd5 7. O-O Nxc3 8.
bxc3 Bd6 9. f4 exf4 10. Nxf4 O-O 11. d4 Ne7 12. Qh5 c6 13. Bd2 Bxf4 14. Rxf4
Ng6 15. Rf2 Qh4 16. Qc5 Be6 17. Bg5 Qe4 18. Re2 Qf5 19. Bxe6 fxe6 20. Rae1 Qxc5
21. dxc5 e5 22. Rf2 h6 23. Be3 Rxf2 24. Bxf2 Rd8 25. Be3 Kf7 26. Kf2 Nh4 27.
Ke2 $4 Nxg2 28. Rf1+ Ke6 29. Rg1 Nxe3 30. Kxe3 g5 31. h4 Rg8 32. hxg5 Rxg5 33.
Rb1 Rg7 34. Rh1 Kd5 35. Rxh6 Kxc5 36. Rh5 Kd5 37. a4 b5 38. Rh4 Rg3+ 39. Kd2 a6
40. axb5 cxb5 41. Rh1 a5 42. Ra1 a4 43. Rb1 Kc5 44. Rb4 Rg1 45. Rb2 a3 46. Ra2
b4 47. cxb4+ Kxb4 48. Kd3 Re1 49. Kd2 Re4 50. Kd3 Re1 51. Kd2 Rb1 52. Kd3 Rb2
53. Ra1 a2 54. Kd2 Kc4 55. Kc1 Kc3 0-1

[Event "Mechanics' Fall TNM: AB"]
[Site "San Francisco"]
[Date "2019.11.26"]
[Round "6.13"]
[White "Argo, Guy"]
[Black "Mercado, Adam"]
[Result "1/2-1/2"]
[WhiteElo "1859"]
[BlackElo "1699"]
[PlyCount "61"]

1. e4 e5 2. Nc3 Bc5 3. f4 d6 4. Nf3 Nf6 5. Bc4 Nc6 6. d3 exf4 7. Bxf4 Bg4 8. h3
Bxf3 9. Qxf3 Ne5 10. Bxe5 dxe5 11. O-O-O c6 12. g4 Qe7 13. g5 Nd7 14. h4 b5 15.
Bb3 Bb4 16. Rdf1 O-O 17. Ne2 Nc5 18. Ng3 Nxb3+ 19. axb3 g6 20. c3 Bc5 21. Kc2
a5 22. Rd1 a4 23. b4 Bb6 24. Rhf1 Qa7 25. Qf6 c5 26. h5 Bd8 27. Qxe5 Qc7 28. d4
cxb4 29. hxg6 Qxe5 30. gxh7+ Kxh7 31. Rh1+ {(...)} 1/2-1/2

[Event "Mechanics' Fall TNM: AB"]
[Site "San Francisco"]
[Date "2019.11.26"]
[Round "6.14"]
[White "Kaplan, Glenn"]
[Black "Perlov, Alexander"]
[Result "0-1"]
[WhiteElo "1668"]
[BlackElo "1770"]
[PlyCount "110"]

1. c4 b6 2. Nf3 e6 3. Nc3 Bb7 4. g3 c5 5. Bg2 Nf6 6. O-O d5 7. cxd5 exd5 8. d3
Be7 9. Bg5 d4 10. Nb5 Nd5 11. Qb3 Bxg5 12. Nxg5 O-O 13. Ne4 Bc6 14. Ned6 Nc7
15. Nb7 Qe7 16. N5d6 Bxg2 17. Kxg2 Nc6 18. Rfe1 Nd8 19. Nf5 Qd7 20. Nbd6 g6 21.
e4 dxe3 22. Rxe3 gxf5 23. Nc4 Qd5+ 24. Kg1 b5 25. Na5 Qxb3 26. Nxb3 Nde6 27.
Rc1 Nd5 28. Re5 Nb4 29. Rd1 f4 30. Nxc5 Nxc5 31. Rxc5 Rfd8 32. d4 Rd5 33. Rc7
a5 34. a3 Na6 35. Rc6 fxg3 36. hxg3 Kg7 37. Kg2 Ra7 38. Kf3 Nc7 39. Ke4 Rd7 40.
d5 Ra6 41. Rc5 Rad6 42. Ke5 f6+ 43. Ke4 Kg6 44. f4 Re7+ 45. Kf3 h5 46. Rd2 Red7
47. Ke4 Re7+ 48. Kf3 Kf5 49. Rdc2 Nxd5 50. Rxb5 Re3+ 51. Kf2 Kg4 52. Rxa5 Rf3+
53. Ke1 Kxg3 54. Ra7 Nxf4 55. b4 Re3+ 0-1

[Event "Mechanics' Fall TNM: AB"]
[Site "San Francisco"]
[Date "2019.11.26"]
[Round "6.15"]
[White "Fabiani, Lino"]
[Black "Khristoforov, Sergey"]
[Result "0-1"]
[WhiteElo "1850"]
[BlackElo "1947"]
[PlyCount "46"]

1. e4 e5 2. Nf3 Nc6 3. Bb5 a6 4. Ba4 Nf6 5. d3 b5 6. Bb3 Bc5 7. O-O O-O 8. Be3
Bxe3 9. fxe3 d6 10. Qe1 Bb7 11. a4 Ne7 12. Nc3 b4 13. Ne2 a5 14. Ng3 c5 15. Nh4
Rc8 16. Rxf6 gxf6 17. Ngf5 Nxf5 18. Nxf5 Kh8 19. Qh4 Rc7 20. Rf1 Bc8 21. Nh6
Kg7 22. Rxf6 Qxf6 23. Nf5+ Bxf5 0-1

[Event "Mechanics' Fall TNM: AB"]
[Site "San Francisco"]
[Date "2019.11.26"]
[Round "6.16"]
[White "Reyes, Victor Hugo"]
[Black "Robeal, Rafik"]
[Result "0-1"]
[WhiteElo "1497"]
[BlackElo "1800"]
[PlyCount "62"]

1. e4 e5 2. f4 exf4 3. Nf3 Ne7 4. d4 Ng6 5. Bc4 c6 6. O-O d5 7. Bd3 dxe4 8.
Bxe4 Bd6 9. Bxg6 hxg6 10. Re1+ Be6 11. Re4 Nd7 12. Bxf4 Nf6 13. Bg5 Qc7 14.
Bxf6 gxf6 15. g3 Bxg3 16. Qe2 Bd6 17. Nc3 O-O-O 18. Kf2 Bxh2 19. Rxe6 Qg3+ 20.
Ke3 fxe6 21. Ne4 Qf4+ 22. Kd3 e5 23. c3 exd4 24. cxd4 Rh3 25. Rf1 f5 26. Ned2
Qxd4+ 27. Kc2 Qc5+ 28. Kb1 Bf4 29. Rc1 Qd5 30. Rd1 Rxf3 31. Kc2 Rd3 0-1

[Event "Mechanics' Fall TNM: AB"]
[Site "San Francisco"]
[Date "2019.11.26"]
[Round "6.18"]
[White "Chea, Na"]
[Black "Raza, Aezed"]
[Result "1-0"]
[WhiteElo "1601"]
[BlackElo "1607"]
[Annotator "de Firmian,Nick"]
[PlyCount "119"]

1. Nf3 d5 2. d4 Nf6 3. c4 e6 4. Bg5 Be7 5. Nc3 h6 6. Bh4 O-O 7. e3 b6 8. cxd5
exd5 9. Qb3 Be6 10. Bd3 Nbd7 11. Qd1 c5 12. Rc1 a6 13. Bb1 Nh7 14. Qd3 f5 15.
Bxe7 Qxe7 16. Ne2 c4 17. Qc2 Nhf6 18. Nf4 Qf7 19. h3 g5 20. Nxe6 Qxe6 21. Qxf5
Qxf5 22. Bxf5 Rae8 23. Bxd7 Nxd7 24. b3 b5 25. b4 Kg7 26. Ke2 Nf6 27. Ne5 Ne4
28. Rhf1 Re7 29. Rc2 Rf6 30. Ke1 Kf8 31. Ng4 Rg6 32. f4 Kg7 33. f5 Rd6 34. Ne5
Rf6 35. g4 Ra7 36. Rg1 a5 37. bxa5 Rxa5 38. Ke2 Rfa6 39. Ra1 b4 40. Kf3 b3 41.
axb3 Rxa1 42. bxc4 Rf1+ 43. Kg2 Raa1 44. Nf3 dxc4 45. Ne5 Rg1+ 46. Kf3 Raf1+ $4
47. Kxe4 Rh1 48. Rxc4 Rxh3 49. Rc7+ Kg8 50. Rc3 Rh2 51. Rd3 Re2 52. Ng6 Rg2 53.
Ke5 Rxg4 54. Ra3 Kf7 55. Ra7+ Ke8 56. Ke6 Re4+ 57. Ne5 Kd8 58. Kd6 Kc8 59. Rc7+
Kb8 60. Nc6+ 1-0

[Event "Mechanics' Fall TNM: AB"]
[Site "San Francisco"]
[Date "2019.11.26"]
[Round "6.20"]
[White "Mays, Jerry"]
[Black "Carron, Joel"]
[Result "0-1"]
[WhiteElo "1700"]
[BlackElo "1573"]
[PlyCount "94"]

1. e4 c5 2. Nf3 g6 3. d4 cxd4 4. Nxd4 Bg7 5. Nc3 Nc6 6. Be3 Nf6 7. f3 O-O 8.
Qd2 d5 9. O-O-O {The theoretical position is with White on move now.} Nxd4 10.
Bxd4 dxe4 11. Be2 exf3 12. Bxf3 Ng4 13. Bxg4 Bxg4 14. Bxg7 Qxd2+ 15. Rxd2 Kxg7
16. h3 Be6 17. Rhd1 a6 18. Nd5 Bxd5 19. Rxd5 e6 20. Rd7 b5 21. R1d3 b4 22. b3
a5 23. Rf3 Rad8 24. Ra7 (24. Rfxf7+ $1) 24... Rd5 25. c4 bxc3 26. Rxc3 Rfd8 27.
Rf3 R8d7 28. Ra8 Rd1+ 29. Kb2 R1d2+ 30. Ka3 Rxg2 31. Rxa5 Rdd2 32. Kb4 Rxa2 33.
Rxa2 Rxa2 34. Kb5 e5 35. b4 e4 36. Re3 f5 37. Kb6 Kf6 38. b5 Ke5 39. Kb7 f4 40.
Re1 Kd5 41. b6 e3 42. Kc7 Rc2+ 43. Kd7 Rb2 44. Kc7 e2 45. b7 f3 46. b8=Q Rxb8
47. Kxb8 Kd4 0-1

[Event "Mechanics' Fall TNM: AB"]
[Site "San Francisco"]
[Date "2019.11.26"]
[Round "6.21"]
[White "Rakonitz, David"]
[Black "Cortinas, Marty"]
[Result "0-1"]
[WhiteElo "1639"]
[BlackElo "1697"]
[PlyCount "136"]

1. d4 Nf6 2. Nf3 d5 3. c4 e6 4. Nc3 Bb4 5. Bg5 h6 6. Bh4 dxc4 7. Qa4+ Nc6 8. e3
Bd7 9. Rc1 Bxc3+ 10. Rxc3 Nxd4 11. Qxc4 Nxf3+ 12. gxf3 Bc6 13. Bg2 Rc8 14. O-O
Qd5 15. Qb4 Qb5 16. Qxb5 Bxb5 17. Rd1 Nd5 18. Rcc1 O-O 19. Rd2 g5 20. Bg3 c5
21. Bd6 Rfd8 22. Bg3 b6 23. Rcd1 Rd7 24. e4 Nf6 25. Rxd7 Nxd7 26. Bf1 Bxf1 27.
Kxf1 Nf8 28. Be5 Ng6 29. Bc3 Ne7 30. Rd7 Nc6 31. Ke2 Kf8 32. Ke3 Ke8 33. Rd2 e5
34. Rd6 h5 35. Rh6 h4 36. Rh5 f6 37. Rh8+ Kd7 38. Rh7+ Ke6 39. a3 Rd8 40. Ke2
Rd7 41. Rh8 Nd4+ 42. Ke3 Kd6 43. Rf8 Ke6 44. Re8+ Re7 45. Rf8 Rf7 46. Rd8 Rd7
47. Rf8 Nb5 48. Ke2 c4 49. Rc8 Rc7 50. Rd8 Ke7 51. Rh8 Kd7 52. Rh7+ Kd6 53.
Bb4+ Kc6 54. Rxc7+ Nxc7 55. Be7 Ne8 56. Kd2 Kd7 57. Bf8 Ke6 58. a4 a6 59. Kc3
b5 60. axb5 axb5 61. Kb4 Nc7 62. Kc5 Kd7 63. Kb6 Ne6 64. Bb4 Nd4 65. Ba3 Ke6
66. Bf8 h3 67. Bb4 Nxf3 68. Kxb5 Nxh2 0-1

[Event "Mechanics' Fall TNM: AB"]
[Site "San Francisco"]
[Date "2019.11.26"]
[Round "6.23"]
[White "Babb, Kevin"]
[Black "Agdamag, Samuel"]
[Result "1-0"]
[WhiteElo "1803"]
[BlackElo "1465"]
[Annotator "de Firmian,Nick"]
[PlyCount "101"]

1. d4 Nf6 2. c4 g6 3. Nc3 Bg7 4. e4 d6 5. Nf3 O-O 6. Bg5 h6 7. Bd2 e5 8. d5
Nbd7 9. b4 Nh5 10. Qc1 Kh7 11. Be2 a5 12. a3 axb4 13. axb4 Rxa1 14. Qxa1 Nf4
15. O-O Nxe2+ 16. Nxe2 Nb6 17. Qc3 f5 18. c5 Nd7 19. exf5 Rxf5 20. Ng3 e4 21.
Nd4 Rxd5 22. Be3 dxc5 23. bxc5 Nxc5 24. Qc4 b6 25. Nc6 Qd6 {[#]} 26. Ne7 $1
Qxe7 27. Qxd5 Bb7 28. Qc4 Ba6 29. Bxc5 Bxc4 30. Bxe7 Bxf1 31. Kxf1 c5 32. Nxe4
c4 33. Ke2 Be5 34. h3 Kg7 35. Bb4 Kg8 36. Ke3 g5 37. Nc3 Kf7 38. Nd5 b5 39. Nc3
Bf4+ 40. Ke2 Ke6 41. Nxb5 Kd5 42. Bc3 Kc5 43. Nd4 Kd5 44. Nf5 h5 45. Kf3 Bb8
46. Ne3+ Kc5 47. Ke4 Bc7 48. g4 hxg4 49. hxg4 Bd8 50. f4 $2 (50. Kf5 {and
Ng2-e1-f3xg5}) 50... gxf4 51. Kxf4 {and White won on move 83.} 1-0

[Event "Mechanics' Fall TNM: U1600"]
[Site "San Francisco"]
[Date "2019.11.26"]
[Round "6.26"]
[White "Chan, John"]
[Black "Starr, Albert"]
[Result "0-1"]
[WhiteElo "1507"]
[BlackElo "1517"]
[PlyCount "96"]

1. d4 f5 2. Nf3 Nf6 3. h3 e6 4. c3 Be7 5. Bf4 O-O 6. Nbd2 d5 7. e3 b6 8. Be2 h6
9. Ne5 Qe8 10. Qc2 Ba6 11. Bf3 c5 12. g4 Nfd7 13. gxf5 Nxe5 14. dxe5 Bg5 15. f6
Bxf4 16. exf4 Nd7 17. fxg7 Rxf4 18. O-O-O Nxe5 19. Rhg1 Bd3 20. Qb3 Nxf3 21.
Nxf3 Rxf3 22. Rde1 c4 23. Qa3 Qf7 24. Qd6 Qf4+ 25. Qxf4 Rxf4 26. Rxe6 Be4 27.
Rxh6 Kf7 28. Rd6 Rg8 29. Rd7+ Ke6 30. Rxa7 Rxf2 31. Rc7 Rf7 32. Rc6+ Ke5 33.
Rg5+ Kf4 34. Rg4+ Ke3 35. b4 cxb3 36. axb3 Rfxg7 37. Rxg7 Rxg7 38. Rxb6 Rh7 39.
Kb2 Rxh3 40. Ka3 Kd2 41. Kb4 Rxc3 42. Rh6 Re3 43. Rh2+ Re2 44. Rh6 d4 45. Kc4
d3 46. Ra6 Ke3 47. b4 Rc2+ 48. Kb3 d2 0-1

[Event "Mechanics' Fall TNM: U1600"]
[Site "San Francisco"]
[Date "2019.11.26"]
[Round "6.28"]
[White "Allen, Tom"]
[Black "Rushton, Peter"]
[Result "1-0"]
[WhiteElo "1400"]
[BlackElo "1237"]
[PlyCount "55"]

1. e4 e5 2. Nf3 Nc6 3. d4 d5 4. dxe5 Be6 5. Bb5 a6 6. Bxc6+ bxc6 7. exd5 cxd5
8. O-O Bc5 9. Nc3 d4 10. Ne2 Bc4 11. Re1 d3 12. cxd3 Bxd3 13. Nf4 Bc4 14. Qc2
Ba7 15. Qxc4 Ne7 16. Be3 c5 17. Rad1 Qc7 18. Ng5 O-O 19. Ne4 Bb8 20. Nd6 Qc6
21. Bxc5 Bxd6 22. Rxd6 Qc7 23. Red1 Rae8 24. Rd7 Qc8 25. Qb4 Nc6 26. Qc3 Nxe5
27. Bxf8 Nxd7 28. Qxg7# 1-0

[Event "Mechanics' Fall TNM: U1600"]
[Site "San Francisco"]
[Date "2019.11.26"]
[Round "6.29"]
[White "Cendejas, Jon"]
[Black "Roberts, Joseph"]
[Result "1-0"]
[WhiteElo "1126"]
[BlackElo "1369"]
[PlyCount "45"]

1. e4 e5 2. Nf3 Nc6 3. Bc4 Bc5 4. c3 Nf6 5. d4 exd4 6. cxd4 Bb6 7. Nc3 Na5 8.
Bd3 d6 9. h3 h6 10. d5 O-O 11. b4 c6 12. bxa5 Bxa5 13. Bd2 cxd5 14. Nxd5 Nxd5
15. exd5 Re8+ 16. Be2 Bc7 17. O-O b6 18. Re1 Bb7 19. Bc4 Kf8 20. Be3 a6 21. Bb3
b5 22. Qc1 Qf6 23. Qxc7 1-0

[Event "Mechanics' Fall TNM: U1600"]
[Site "San Francisco"]
[Date "2019.11.26"]
[Round "6.30"]
[White "Harris, Clarence"]
[Black "Ahrens, Richard"]
[Result "1-0"]
[WhiteElo "1464"]
[BlackElo "1206"]
[PlyCount "63"]

1. e4 c5 2. Nc3 Nc6 3. g3 Nf6 4. Bg2 e5 5. d3 Be7 6. Nf3 O-O 7. O-O d6 8. Bd2
Bg4 9. h3 Bh5 10. g4 Bg6 11. Nh4 Nd7 12. Nxg6 fxg6 13. Nd5 Bg5 14. Bxg5 Qxg5
15. Nc7 Qe7 16. Nxa8 Rxa8 17. c3 Qg5 18. Qb3+ Kh8 19. Qxb7 Nb6 20. Qxc6 Qd8 21.
Qb5 h6 22. f4 Qf6 23. fxe5 Qxe5 24. Rf7 Qg3 25. Raf1 Qe3+ 26. Kh2 Kg8 27. Re7
h5 28. Re8+ Rxe8 29. Qxe8+ Kh7 30. Rf8 Kh6 31. Rh8+ Kg5 32. Qe7+ 1-0

[Event "Mechanics' Fall TNM: U1600"]
[Site "San Francisco"]
[Date "2019.11.26"]
[Round "6.36"]
[White "Radaelli, Lucas"]
[Black "Thibault, William"]
[Result "1-0"]
[WhiteElo "1444"]
[BlackElo "1195"]
[PlyCount "91"]

1. d4 Nf6 2. c4 g6 3. g3 Bg7 4. Bg2 O-O 5. Nf3 d6 6. O-O c5 7. d5 Bf5 8. Nc3
Nbd7 9. Bd2 Ne4 10. Nxe4 Bxe4 11. Bc3 Bxc3 12. bxc3 Nf6 13. Nh4 Bxg2 14. Kxg2
Qd7 15. Qc2 b5 16. cxb5 Qxb5 17. c4 Qd7 18. Rfb1 Rab8 19. Rb2 Rxb2 20. Qxb2 g5
21. Nf3 Ne4 22. h3 h5 23. Nd2 Nxd2 24. Qxd2 Qf5 25. f3 g4 26. hxg4 hxg4 27. Rh1
f6 28. Qh6 Kf7 29. Qh7+ Qxh7 30. Rxh7+ Ke8 31. fxg4 Rg8 32. Kf3 Kf8 33. Kf4 Rg7
34. Rxg7 Kxg7 35. Kf5 Kf7 36. g5 fxg5 37. Kxg5 Kg7 38. Kf5 Kf7 39. g4 Kg7 40.
Ke6 Kf8 41. g5 Ke8 42. g6 Kf8 43. a4 a5 44. e3 Kg7 45. Kxe7 Kxg6 46. Kxd6 1-0

[Event "Mechanics' Fall TNM: U1600"]
[Site "San Francisco"]
[Date "2019.11.26"]
[Round "6.32"]
[White "Hilliard, Michael"]
[Black "Gimelfarb, Natan"]
[Result "1-0"]
[WhiteElo "1429"]
[BlackElo "1118"]
[PlyCount "65"]

1. d4 e5 2. c3 exd4 3. cxd4 d5 4. Nf3 c5 5. e3 Nc6 6. Bb5 Bg4 7. Nc3 a6 8. Ba4
b5 9. Bb3 cxd4 10. Bxd5 Qf6 11. exd4 Bxf3 12. Bxf3 Rd8 13. Bxc6+ Qxc6 14. O-O
Be7 15. Re1 Nf6 16. Be3 O-O 17. Rc1 Rd6 18. Qd3 Nh5 19. Ne4 Nf4 20. Bxf4 Qb6
21. Bxd6 Bxd6 22. Nxd6 Qxd6 23. d5 Rd8 24. Rc6 Qb4 25. Re2 g6 26. d6 Qf4 27. d7
Kf8 28. Qd6+ Qxd6 29. Rxd6 a5 30. Rc2 Ke7 31. Rcd2 a4 32. R6d4 f5 33. Re2+ 1-0